000 00606cam a2200181ua 4500
001 6542
005 20260515114051.0
008 131221n ii |||gr||||Z||||||eng
040 _cMAIN
082 _a658
245 1 1 _aComplete guide to labour management misconducts enquiry employments termination dismissal and retrenchment
_cBy H. Nayar
260 _aNew delhi:
_bNew law traders,
_c1998.
300 _ax,62p.
653 _aCommerce
653 _aComplete guide to labour management misconducts enquiry employments termination dismissal and retrenchment
700 1 _aNayar,H.,
_eAuthor.
942 _cBK
999 _c5686
_d5686